000 00949nam a22002537a 4500
005 20170123164150.0
010 _aB-210110
020 _a817883209
_c120.00
035 _aB-210110
037 _bCen Lib/Ret
040 _aDPL
_bPN
082 _a
_bਸੇਖੋਂਸੰ
100 _aਸੇਖੋਂ, ਸੰਤ ਸਿੰਘ
_98394
245 _aਸਿਆਣਪਾਂ :
_cਸੰਤ ਸਿੰਘ ਕੇਖੋੰ
_bਕਹਾਣੀਆ /
246 _aSianpan : stories /
_bby Sant SIngh Sekhon
260 _aਲੁਧਿਆਣਾ
_bਚੇਤਨਾ ਪ੍ਰਕਾਸ਼ਨ
_c2006
270 _aਪੰਜਾਬੀ ਭਵਨ
_bਲੁਧਿਆਣਾ
300 _a135p ;
_c20cm
650 _aਪੰਜਾਬੀ ਕਹਾਣੀਆ
_9125802
650 _aਸਾਹਿਤ -- ਪੰਜਾਬੀ
_9125803
650 _aliterature -- Punjabi
_9125804
650 _aPunjabi -- story
_9125805
942 _2ddc
_cPN
_h
_mਸੇਖੋਂਸੰ
999 _c110292
_d110292